W-1 ANAOKULUNDA (Record no. 587583)

MARC details
000 -LEADER
sabit uzunluktaki kontrol alanı 00267nam a2200109Ia 4500
001 - KONTROL NUMARASI
kontrol alanı 587583
005 - EN SON İŞLEMİN TARİH VE ZAMANI
kontrol alanı 20250717113818.0
008 - SABİT-UZUNLUKTA VERİ ÖĞELERİ--GENEL BİLGİ
sabit uzunluktaki kontrol alanı 250717s9999 xx 000 0 und d
245 #0 - ESER / YAZAR
ESER ADI W-1 ANAOKULUNDA
Yazar Adı ERIKA BARTOS
260 ## - YAYIN, DAĞITIM, VB.
YAYIN EVİ YAPI KREDİ YAYINLARI
Yayın, dağıtım tarihi, vb. 2020
300 ## - FİZİKSEL AÇIKLAMA
Diğer fiziksel ayrıntılar 19

No items available.